000 00763nam a2200217Ii 4500
003 JO-AjNU
008 230605s9999||||xx |||||||||||||| ||und||
040 _aJO-AjNU
_bara
_erda
_cJO-AjNU
041 _aara
050 1 4 _aHC59.7.T3676.1978
100 3 _aالتنير،سمير,
_eauthor
_912870
245 0 0 _aنموذج تطبيقي للتنمية في العالم الثالث
250 _aط1
264 3 1 _aبيروت:معهد الانماء العربي،1978
300 _a151ص
336 _atext
_btxt
_2rdacontent
337 _aunmediated
_bn
_2rdamedia
338 _avolume
_bnc
_2rdacarrier
490 0 _aالدراسات الاقتصادية الاستراتيجية 
650 4 _aالدول النامية -- احوال اقتصادية 
_912871
999 _aA3056
_c6624
_d6624